DB2 universal database (Record no. 696)

MARC details
000 -LEADER
fixed length control field 00790 a2200241 4500
010 ## - LCCN (DPL NO)
LC control number ENG-76910
020 ## - INTERNATIONAL STANDARD BOOK NUMBER
International Standard Book Number 8120327187
Terms of availability 450.00
035 ## - SYSTEM CONTROL NUMBER
System control number EN-61393
035 ## - SYSTEM CONTROL NUMBER
System control number B-182086-103
037 ## - SOURCE OF ACQUISITION
Source of stock number/acquisition D. B. Act / Pub
037 ## - SOURCE OF ACQUISITION
Source of stock number/acquisition UBH/278/23.10.06
082 14 - DEWEY DECIMAL CLASSIFICATION NUMBER
Classification number 005.7
245 1# - TITLE STATEMENT
Title DB2 universal database
Remainder of title administration for linux, and windows
Statement of responsibility, etc by International Business Machine Corporation (IBM)
250 ## - EDITION STATEMENT
Edition statement 1st ed
260 ## - PUBLICATION, DISTRIBUTION, ETC. (IMPRINT)
Place of publication, distribution, etc New Delhi
Name of publisher, distributor, etc Prentice-Hall of India
Date of publication, distribution, etc 2005
270 ## - ADDRESS
Address M-97, Connaught Place,
City New Delhi
State or province Delhi
Postal code 110001
300 ## - PHYSICAL DESCRIPTION
Extent xvi, 568 p.
Dimensions 24 cm
500 ## - GENERAL NOTE
General note Includes index
650 ## - SUBJECT ADDED ENTRY--TOPICAL TERM
Topical term or geographic name as entry element Computer science
General subdivision operating systems
650 ## - SUBJECT ADDED ENTRY--TOPICAL TERM
Topical term or geographic name as entry element Database management
710 1# - ADDED ENTRY--CORPORATE NAME
Corporate name or jurisdiction name as entry element International Business Machine Corporation (IBM)
942 ## - ADDED ENTRY ELEMENTS (KOHA)
Institution code [OBSOLETE] dpl
Item type English Books
Call number prefix 005.7 / DB2
Source of classification or shelving scheme Dewey Decimal Classification
Holdings
Withdrawn status Lost status Not for loan Collection code Home library Current library Source of acquisition Cost, normal purchase price Full call number Barcode Copy number Cost, replacement price Koha item type
      Non-fiction Bagh Kadhe Khan Bagh Kadhe Khan   450.00 005.7 B-182100   450.00 English Books
      Non-fiction Bawana Bawana   450.00 005.7 B-182102   450.00 English Books
      Non-fiction Central Library Central Library   450.00 005.7 B-182086   450.00 English Books
      Non-fiction Central Library Central Library   450.00 005.7 B-182087   450.00 English Books
    Not For Loan Non-fiction D.B.Act.Division D.B.Act.Division DBAD/PUB 450.00 005.7 EN-61393 1 450.00 English Books
      Non-fiction Karol Bagh Karol Bagh   450.00 005.7 B-182097   450.00 English Books
      Non-fiction Kasturba Gandhi Marg Kasturba Gandhi Marg   450.00 005.7 B-182093   450.00 English Books
      Non-fiction Mobile Library Mobile Library   450.00 005.7 B-182089   450.00 English Books
      Non-fiction Mobile Library Mobile Library   450.00 005.7 B-182090   450.00 English Books
      Non-fiction Narela Narela   450.00 005.7 B-182101   450.00 English Books
      Non-fiction New Police Line New Police Line   450.00 005.7 B-182091   450.00 English Books
Written off Written-off vide DLB M. No. 388 dt 23.02.22   Non-fiction New Rohtak Road New Rohtak Road   450.00 005.7 B-182098   450.00 English Books
      Non-fiction Patel Nagar Patel Nagar   450.00 005.7 B-182092   450.00 English Books
      Non-fiction Peshwa Road Peshwa Road   450.00 005.7 B-182094   450.00 English Books
      Non-fiction Sarojini Nagar Sarojini Nagar   450.00 005.7 B-182096   450.00 English Books
      Non-fiction Shahdara Branch Shahdara Branch   450.00 005.7 B-182103   450.00 English Books
      Non-fiction Tri Nagar Tri Nagar   450.00 005.7 B-182095   450.00 English Books

© Delhi Public Library
Hit Counter
free hit counter